[Event "Elit(Vasteras-Wasa)"]
[Site "?"]
[Date "2007.02.10"]
[Round "7"]
[White "Hallerod, Ralph"]
[Black "Kimari, Patrick"]
[Result "1-0"]
[WhiteElo "2108"]
[BlackElo "2144"]
[PlyCount "79"]
[EventDate "2007.??.??"]

1. d4 g6 2. c4 Bg7 3. e4 d6 4. Nc3 Nf6 5. Be2 O-O 6. Be3 e5 7. d5 c5 8. h3 Ne8
9. g4 a6 10. a4 f5 11. gxf5 gxf5 12. exf5 Bxf5 13. Bg4 Nd7 14. Nge2 Bg6 15. Ng3
e4 16. Ngxe4 Ne5 17. Qe2 Nf6 18. Bg5 Qa5 19. Be6+ Kh8 20. Bxf6 Bxf6 21. O-O Qb4
22. Nxd6 Bd3 23. Qh5 Bg6 24. Qd1 Nxc4 25. Nxc4 Qxc4 26. Qg4 Qb3 27. Ne4 Bxe4
28. Qxe4 Rae8 29. Ra3 Qxb2 30. Rg3 Qd4 31. Qxd4 Bxd4 32. Rb3 Re7 33. Kg2 Rf6
34. f4 Rg7+ 35. Kf3 Rf8 36. Rfb1 Rb8 37. d6 h5 38. d7 Re7 39. Rxb7 Rd8 40. Rb8
1-0

[Event "Elit(Vasteras-Wasa)"]
[Site "?"]
[Date "2007.02.10"]
[Round "7"]
[White "Kretz, Johan"]
[Black "Cleanthous, Demetris"]
[Result "1-0"]
[WhiteElo "2233"]
[BlackElo "1997"]
[PlyCount "93"]
[EventDate "2007.??.??"]

1. d4 d5 2. c4 c6 3. Nf3 Nf6 4. e3 e6 5. Nbd2 Be7 6. Bd3 O-O 7. O-O Nbd7 8. e4
dxe4 9. Nxe4 Nxe4 10. Bxe4 Nf6 11. Bc2 Nd7 12. Re1 Bf6 13. Bf4 g6 14. c5 Re8
15. Qd2 a5 16. Rad1 a4 17. Qe3 Qa5 18. Bd6 Qb4 19. b3 a3 20. Bd3 b5 21. Be4 Bb7
22. Ne5 Nxe5 23. dxe5 Bg7 24. Rd4 Qa5 25. b4 Qd8 26. Bc2 f5 27. Red1 Qc8 28.
Bb3 h6 29. g4 Kh7 30. h4 Rg8 31. Be7 Qe8 32. Rd7 Bc8 33. Bxe6 Bxd7 34. Rxd7 Kh8
35. Bf6 g5 36. gxf5 Bxf6 37. exf6 gxh4+ 38. Kh2 Rg5 39. f7 Qb8+ 40. Kh3 Qf8 41.
Qd4+ Kh7 42. f4 Rg3+ 43. Kxh4 Rg2 44. Kh3 Rb2 45. Qf6 Rxb4 46. Re7 Rb1 47. Re8
1-0

[Event "Elit(Manhem-Astorp)"]
[Site "?"]
[Date "2007.02.10"]
[Round "7"]
[White "Ivarsson, Stefan"]
[Black "Winsnes, Rikard"]
[Result "0-1"]
[WhiteElo "2303"]
[BlackElo "2485"]
[PlyCount "94"]
[EventDate "2007.??.??"]
[SourceDate "2007.02.19"]

1. g3 g6 2. Bg2 Bg7 3. c4 Nf6 4. Nc3 O-O 5. e4 c5 6. Nge2 Nc6 7. d3 Ne8 8. Be3
Nd4 9. O-O d6 10. Rb1 Rb8 11. b4 Bg4 12. f3 Bd7 13. Qd2 Nc7 14. Bh6 e5 15. Be3
h5 16. f4 h4 17. bxc5 h3 18. Bh1 dxc5 19. Nd5 Nxd5 20. cxd5 Bg4 21. Bxd4 cxd4
22. Bf3 Bd7 23. fxe5 Bxe5 24. Rfc1 Qe7 25. Rb4 b5 26. Rb2 Rfc8 27. Rbc2 Rxc2
28. Rxc2 Kg7 29. Nc1 Bf6 30. Ne2 Qd6 31. Nf4 b4 32. Be2 a5 33. Bf1 Rh8 34. Qc1
a4 35. Rc7 g5 36. Ne2 Rb8 37. Ra7 b3 38. axb3 axb3 39. Qb2 Bg4 40. Nc1 Qb4 41.
Ra1 Bd1 42. Nxb3 Bxb3 43. Bxh3 Qc3 44. Qb1 Bc2 45. Qxb8 Qxa1+ 46. Kf2 Bxd3 47.
e5 Bd8 0-1

[Event "Elit(Manhem-Astorp)"]
[Site "?"]
[Date "2007.02.10"]
[Round "7"]
[White "Akesson, Joel"]
[Black "Hoi, Carsten"]
[Result "0-1"]
[WhiteElo "2375"]
[BlackElo "2413"]
[PlyCount "84"]
[EventDate "2007.??.??"]

1. d4 Nf6 2. Nf3 g6 3. c4 Bg7 4. g3 O-O 5. Bg2 d6 6. O-O Nc6 7. Nc3 e5 8. d5
Ne7 9. c5 Ne8 10. cxd6 cxd6 11. a4 h6 12. Nd2 f5 13. Nc4 Kh7 14. Qb3 f4 15. Bd2
Nf5 16. Qd1 Nf6 17. e3 g5 18. Rc1 Qe7 19. Nb5 Bd7 20. Bb4 Ne8 21. Be4 Kh8 22.
Ba3 a6 23. Nc3 Rd8 24. Nb6 Nf6 25. Nxd7 Qxd7 26. Qd3 Nxe4 27. Qxe4 Qf7 28. Qg2
g4 29. exf4 exf4 30. Rfe1 Nd4 31. Re4 Nf3+ 32. Kh1 Be5 33. gxf4 Bxf4 34. Rd1
Qh5 35. Rxf4 Rxf4 36. Ne2 Rff8 37. Ng3 Qg6 38. Bb4 h5 39. Bc3+ Kh7 40. h3 Rg8
41. hxg4 Qxg4 42. Rd3 Qh4+ 0-1

[Event "Elit(Manhem-Astorp)"]
[Site "?"]
[Date "2007.02.10"]
[Round "7"]
[White "Tallinger, Thomas"]
[Black "Nithander, Victor"]
[Result "0-1"]
[WhiteElo "2222"]
[BlackElo "2420"]
[PlyCount "80"]
[EventDate "2007.??.??"]

1. e4 c5 2. Nf3 d6 3. d4 cxd4 4. Nxd4 Nf6 5. Nc3 g6 6. Be2 Bg7 7. Be3 O-O 8.
O-O Nc6 9. Nb3 Be6 10. f4 Rc8 11. f5 Bd7 12. g4 Ne5 13. Nd2 Rxc3 14. bxc3 Bc6
15. Bf3 d5 16. fxg6 hxg6 17. g5 Nxf3+ 18. Rxf3 Ng4 19. Bxa7 dxe4 20. Rg3 Ne5
21. Be3 Qd5 22. Nb3 Nf3+ 23. Rxf3 exf3 24. Qxd5 Bxd5 25. Rd1 e6 26. Bc5 Rc8 27.
Bb4 Bxc3 28. Bxc3 Rxc3 29. Rd2 Rc4 30. Kf2 Rg4 31. Nd4 Rxg5 32. a3 Rg2+ 33. Ke3
Rxd2 34. Kxd2 e5 35. Nb3 Bxb3 36. cxb3 Kf8 37. a4 Ke7 38. h4 Kd6 39. b4 Kd5 40.
Kd3 e4+ 0-1

[Event "Elit(Manhem-Astorp)"]
[Site "?"]
[Date "2007.02.10"]
[Round "7"]
[White "Andersson, Bjorn"]
[Black "Fagerstrom, Bjorn"]
[Result "1-0"]
[WhiteElo "2321"]
[BlackElo "2238"]
[PlyCount "143"]
[EventDate "2007.??.??"]

1. e4 e6 2. d4 d5 3. Nd2 Nf6 4. e5 Nfd7 5. Bd3 c5 6. c3 Nc6 7. Ne2 cxd4 8. cxd4
f6 9. exf6 Nxf6 10. Nf3 Bd6 11. O-O O-O 12. Bg5 Qc7 13. Bh4 Nh5 14. Qc2 h6 15.
Bh7+ Kh8 16. Bg6 Rxf3 17. gxf3 Bxh2+ 18. Kg2 Nf4+ 19. Nxf4 Qxf4 20. Bg3 Bxg3
21. fxg3 Qxd4 22. Qc3 Bd7 23. Qxd4 Nxd4 24. Rac1 Nc6 25. f4 Rf8 26. a3 Rf6 27.
Bd3 Kg8 28. b4 a6 29. Rc5 Nd4 30. Rc7 Bc6 31. Re1 Rf7 32. Rc8+ Rf8 33. Rxf8+
Kxf8 34. Kf2 Bd7 35. Ke3 Nc6 36. b5 axb5 37. Bxb5 Ke7 38. Bxc6 Bxc6 39. Kd4 Kd6
40. Rb1 b5 41. Rh1 Be8 42. g4 Bd7 43. Rg1 Be8 44. Rg3 g6 45. Rh3 h5 46. gxh5
gxh5 47. Rg3 Bf7 48. Rg7 Be8 49. Rb7 Bg6 50. Rxb5 h4 51. Rb6+ Kd7 52. Kc5 h3
53. Rb3 Bf5 54. Rg3 Kc7 55. Rg7+ Kb8 56. a4 Be4 57. Rg8+ Ka7 58. Rh8 Bg2 59.
Rh6 Kb7 60. Kd4 Kc7 61. Ke3 Kd7 62. a5 Kd6 63. a6 Kc5 64. a7 d4+ 65. Kd3 Bf1+
66. Kd2 Bg2 67. Rxh3 Kb6 68. Rh7 Bd5 69. Kd3 Kc5 70. Rg7 Bc4+ 71. Kd2 Bd5 72.
Rg5 1-0

[Event "Elit(Manhem-Astorp)"]
[Site "?"]
[Date "2007.02.10"]
[Round "7"]
[White "Petersson, Gosta"]
[Black "Moberg, Karl Johan"]
[Result "0-1"]
[WhiteElo "2126"]
[BlackElo "2338"]
[PlyCount "56"]
[EventDate "2007.??.??"]

1. c4 e5 2. Nc3 Bb4 3. Nd5 Be7 4. g3 Nf6 5. Bg2 Nxd5 6. cxd5 c6 7. dxc6 dxc6 8.
d3 Bg4 9. Qa4 Bh5 10. Nf3 Nd7 11. O-O O-O 12. Be3 Qc7 13. Rac1 f6 14. b4 a6 15.
Qc2 Bf7 16. Qb1 Qd6 17. Bd2 Nb6 18. Rfd1 Qe6 19. Rc2 Rfd8 20. Be3 Na4 21. Nd2
Rac8 22. Nc4 Qd7 23. Nb6 Nxb6 24. Bxb6 Re8 25. d4 exd4 26. Rxd4 Qf5 27. a4 Bd8
28. Bc5 Rxe2 0-1

[Event "Elit(Manhem-Astorp)"]
[Site "?"]
[Date "2007.02.10"]
[Round "7"]
[White "Sagit, Rauan"]
[Black "Bengtsson, Jan"]
[Result "1-0"]
[WhiteElo "2299"]
[BlackElo "2064"]
[PlyCount "147"]
[EventDate "2007.??.??"]

1. e4 c6 2. d4 d5 3. exd5 cxd5 4. Bd3 Nf6 5. c3 Qb6 6. Nf3 Nc6 7. h3 g6 8. O-O
Bf5 9. Re1 Bxd3 10. Qxd3 e6 11. b3 Rc8 12. Nbd2 Qa6 13. Qe3 Bg7 14. a4 O-O 15.
b4 Ne7 16. Ne5 Nf5 17. Qf3 Nd6 18. Ba3 Qb6 19. b5 Qc7 20. Rac1 Rfd8 21. Bb4
Nfe4 22. Nxe4 Nxe4 23. Qe3 a5 24. bxa6 bxa6 25. a5 Bxe5 26. dxe5 Nc5 27. Rcd1
Nb3 28. Qg5 Rd7 29. Rd3 Qd8 30. Qxd8+ Rdxd8 31. Rb1 Nc5 32. Rd4 Ne4 33. Rd3 Rc4
34. f3 Nc5 35. Rd4 Rc8 36. Rxc4 dxc4 37. Rd1 Nd3 38. Bd6 Nc5 39. Kf2 Kg7 40.
Ke3 g5 41. Be7 Kg6 42. Rd6 h5 43. g4 hxg4 44. hxg4 Re8 45. Bf6 Rc8 46. Ke2 Rb8
47. Ke3 Rc8 48. Ke2 Rb8 49. Rb6 Rb7 50. Rc6 Rb5 51. Bd8 Nd3 52. Rxc4 Nxe5 53.
Rc8 Rd5 54. Bb6 Nd3 55. c4 Nf4+ 56. Ke1 Rd3 57. c5 Rxf3 58. c6 Nd5 59. c7 Nxc7
60. Rxc7 Rf4 61. Ra7 Rxg4 62. Rxa6 f5 63. Ra8 Rb4 64. Bf2 Rb1+ 65. Ke2 Rb2+ 66.
Kf1 f4 67. a6 Kf5 68. a7 Kg4 69. Rb8 Ra2 70. a8=Q Rxa8 71. Rxa8 e5 72. Ra5 e4
73. Bb6 e3 74. Ke2 1-0

[Event "Elit(Manhem-Astorp)"]
[Site "?"]
[Date "2007.02.10"]
[Round "7"]
[White "Josefsson, Kenneth"]
[Black "Schneider, Lars-Ake"]
[Result "0-1"]
[WhiteElo "1981"]
[BlackElo "2338"]
[PlyCount "120"]
[EventDate "2007.??.??"]

1. g3 c5 2. Bg2 Nc6 3. d3 g6 4. Nf3 Bg7 5. O-O d6 6. c3 Nf6 7. d4 cxd4 8. Nxd4
Bd7 9. Na3 O-O 10. Nac2 Qc8 11. Nxc6 bxc6 12. Nd4 Rb8 13. a4 c5 14. Nf3 Bc6 15.
Ra3 Qb7 16. Ne1 Bxg2 17. Nxg2 d5 18. Qd3 c4 19. Qf3 Ne4 20. Ne3 e6 21. a5 a6
22. Ra4 Qb3 23. Ra3 Qb7 24. Ra4 Qb3 25. Ra3 Qb5 26. h4 Nc5 27. h5 Nb3 28. Rxb3
cxb3 29. Ng4 f5 30. Nh6+ Bxh6 31. Bxh6 Rfe8 32. hxg6 hxg6 33. Qe3 e5 34. Qg5
Kf7 35. Qd2 Rh8 36. Bg5 Qc4 37. f4 Rbe8 38. Rd1 exf4 39. Bxf4 Rxe2 40. Qxd5+
Qxd5 41. Rxd5 Rhe8 42. Bd2 R8e5 43. Rd7+ Ke8 44. Rd3 Re7 45. Kf1 R2e4 46. Bg5
Rd7 47. Rf3 Rd1+ 48. Kf2 Ree1 49. Rf4 Rf1+ 50. Ke2 Rxf4 51. Bxf4 Rb1 52. Kd3
Rxb2 53. Kc4 Kd7 54. Kb4 Kc6 55. Kc4 Rb1 56. Kb4 Kd5 57. c4+ Kc6 58. Kc3 b2 59.
Kc2 Rf1 60. Kxb2 Kc5 0-1

[Event "Elit(Manhem-Astorp)"]
[Site "?"]
[Date "2007.02.10"]
[Round "7"]
[White "Kinnmark, Ove"]
[Black "Nordin, Eric"]
[Result "1-0"]
[WhiteElo "2264"]
[BlackElo "1776"]
[PlyCount "99"]
[EventDate "2007.??.??"]
[SourceDate "2007.02.19"]

1. e4 d6 2. d4 Nf6 3. Nc3 g6 4. Nf3 Bg7 5. h3 O-O 6. Be3 Na6 7. Be2 c5 8. O-O
b6 9. d5 Nc7 10. Nd2 Bb7 11. Nc4 Qc8 12. a4 Ba6 13. f3 Qb7 14. Qe1 Bxc4 15.
Bxc4 a6 16. Qd2 b5 17. Be2 Nh5 18. Kh2 Rad8 19. f4 Nf6 20. Bf3 Qb8 21. Nd1 e6
22. dxe6 fxe6 23. Qe1 Nd7 24. c3 Na8 25. axb5 axb5 26. Qe2 b4 27. c4 Nab6 28.
Nf2 Nf6 29. Ra6 Qc7 30. Rfa1 Ra8 31. g3 Rxa6 32. Rxa6 Nfd7 33. b3 Nb8 34. Ra2
Nc6 35. Qd3 Nd4 36. Bg4 h5 37. Bxd4 Bxd4 38. Bxe6+ Kg7 39. h4 Ra8 40. Re2 Ra1
41. f5 Nd7 42. Bxd7 Qxd7 43. Qf3 Qf7 44. Nh3 Rb1 45. Nf4 Qf6 46. Nxg6 Bg1+ 47.
Kg2 Kh6 48. e5 dxe5 49. Rxe5 Qd6 50. Qf4+ 1-0

[Event "Elit(LASK-Rockaden,Sthlm)"]
[Site "?"]
[Date "2007.02.10"]
[Round "7"]
[White "Hermansson, Emil"]
[Black "Olsson, Linus"]
[Result "1-0"]
[WhiteElo "2545"]
[BlackElo "2484"]
[PlyCount "81"]
[EventDate "2007.??.??"]
[SourceDate "2007.02.19"]

1. e4 c5 2. Nf3 a6 3. Nc3 b5 4. d4 cxd4 5. Nxd4 Bb7 6. Bd3 g6 7. Be3 Bg7 8. Qd2
d6 9. a4 bxa4 10. Nxa4 Nd7 11. Nb3 Ngf6 12. f3 Qc7 13. Qa5 Qc8 14. Qb4 Rb8 15.
Ba7 Ra8 16. Be3 Rb8 17. Ba7 Ra8 18. Bd4 Rb8 19. Qc3 O-O 20. Na5 Re8 21. Nxb7
Qxb7 22. Qa5 Ra8 23. O-O Rec8 24. Ra3 Ne8 25. Bf2 Nc7 26. Rb3 Qc6 27. Nb6 Nxb6
28. Rxb6 Qd7 29. Rb7 Qc6 30. Rb6 Qd7 31. c3 Rcb8 32. Bc4 Bf6 33. Rd1 Qe8 34. g3
Rxb6 35. Bxb6 Ne6 36. Bd5 Rb8 37. Qxa6 Nc5 38. Qa7 Na4 39. Bc6 Qc8 40. Bxa4 Ra8
41. Bd7 1-0

[Event "Elit(LASK-Rockaden,Sthlm)"]
[Site "?"]
[Date "2007.02.10"]
[Round "7"]
[White "Hall, Jesper"]
[Black "Olsson, Anders"]
[Result "1-0"]
[WhiteElo "2530"]
[BlackElo "2479"]
[PlyCount "113"]
[EventDate "2007.??.??"]

1. d4 Nf6 2. Bg5 e6 3. e4 d5 4. e5 h6 5. Be3 Nfd7 6. c4 dxc4 7. Bxc4 Nb6 8. Bb3
Nc6 9. Nc3 Bd7 10. Qh5 Nb4 11. Nh3 N4d5 12. O-O Bc6 13. Ng5 Qe7 14. Nge4 Nxc3
15. Nxc3 O-O-O 16. Rac1 Kb8 17. Rc2 Qe8 18. Qe2 Bb4 19. a3 Be7 20. Rfc1 Rc8 21.
Ba2 Qd7 22. b4 Nd5 23. Nd1 Ba4 24. Rd2 Bxd1 25. Rdxd1 Rhd8 26. Bb3 Qe8 27. h3
c6 28. Bc4 Qf8 29. Bd3 Rd7 30. Be4 a6 31. Rc2 Bd8 32. Rdc1 Bb6 33. Rc4 Rcd8 34.
Qb2 Rc8 35. a4 Rdc7 36. Qb3 Qe8 37. Bf3 Qe7 38. Bd2 Qd7 39. Rb1 Ba7 40. Be3 Qe7
41. Rc2 Qd7 42. Ra2 Bb6 43. Rab2 Nxe3 44. fxe3 f6 45. Rd1 Qe7 46. exf6 gxf6 47.
Kh1 Qd6 48. Rc2 Rg7 49. b5 Bc7 50. Kg1 cxb5 51. axb5 Qh2+ 52. Kf1 Qd6 53. Bxb7
Rd8 54. Bf3 a5 55. Rc6 Qb4 56. Qxb4 axb4 57. Ra1 1-0

[Event "Elit(LASK-Rockaden,Sthlm)"]
[Site "?"]
[Date "2007.02.10"]
[Round "7"]
[White "Engqvist, Thomas"]
[Black "Niklasson, Christer"]
[Result "1/2-1/2"]
[WhiteElo "2429"]
[BlackElo "2414"]
[PlyCount "34"]
[EventDate "2007.??.??"]

1. d4 f5 2. g3 Nf6 3. Bg2 g6 4. Nf3 Bg7 5. O-O O-O 6. c4 d6 7. Nc3 c6 8. d5 e5
9. dxe6 Bxe6 10. Qd3 Na6 11. Ng5 Qe7 12. Bf4 Rad8 13. Rad1 Ng4 14. Nd5 Qe8 15.
Qa3 Ne5 16. Nxe6 Qxe6 17. b3 Rf7 1/2-1/2

[Event "Elit(LASK-Rockaden,Sthlm)"]
[Site "?"]
[Date "2007.02.10"]
[Round "7"]
[White "Tikkanen, Hans"]
[Black "Hedman, Erik"]
[Result "1-0"]
[WhiteElo "2430"]
[BlackElo "2410"]
[PlyCount "127"]
[EventDate "2007.??.??"]

1. d4 Nf6 2. c4 e6 3. Nf3 b6 4. Nc3 Bb7 5. a3 d5 6. cxd5 Nxd5 7. Bg5 Be7 8.
Nxd5 Bxd5 9. Bxe7 Qxe7 10. Rc1 O-O 11. Rc3 Bxf3 12. gxf3 c5 13. dxc5 bxc5 14.
e3 Nd7 15. Qc2 Rab8 16. Bd3 g6 17. f4 Rb6 18. O-O Rfb8 19. Rb1 Qh4 20. Bf1 Kh8
21. Bg2 Kg8 22. h3 Qf6 23. b3 Rd6 24. Rd3 Rxd3 25. Qxd3 Qe7 26. Rd1 Nb6 27. Qb5
Rd8 28. Rc1 Rc8 29. a4 c4 30. a5 Qa3 31. Rf1 Nd5 32. bxc4 Qd3 33. Bxd5 exd5 34.
Qxd5 Qxc4 35. Rd1 Qxd5 36. Rxd5 Rc1+ 37. Kg2 Ra1 38. f5 Kg7 39. e4 Ra3 40. f3
Ra2+ 41. Kg3 Ra1 42. Kf4 Ra2 43. Ke5 gxf5 44. Kxf5 Ra3 45. Kg4 a6 46. f4 Ra4
47. Kf5 Ra3 48. h4 Rh3 49. Kg4 Ra3 50. h5 Ra1 51. h6+ Kxh6 52. Rd6+ Kg7 53.
Rxa6 h5+ 54. Kxh5 Ra4 55. e5 Rxf4 56. Kg5 Rc4 57. Ra7 Rc5 58. Kf5 Rb5 59. a6
Rb6 60. Ra8 Rb5 61. Ke4 Ra5 62. Kd4 Kh7 63. Ra7 Kg6 64. Rd7 1-0

[Event "Elit(LASK-Rockaden,Sthlm)"]
[Site "?"]
[Date "2007.02.10"]
[Round "7"]
[White "Livner, Anders"]
[Black "Semcesen, Daniel"]
[Result "0-1"]
[WhiteElo "2380"]
[BlackElo "2411"]
[PlyCount "118"]
[EventDate "2007.??.??"]

1. d4 d5 2. c4 c6 3. Nf3 Nf6 4. e3 Bf5 5. Nc3 a6 6. Qb3 Ra7 7. Bd2 e6 8. Nh4
Be4 9. cxd5 cxd5 10. f3 Bg6 11. Nxg6 hxg6 12. Be2 Bd6 13. f4 Nc6 14. O-O g5 15.
g3 gxf4 16. gxf4 g5 17. fxg5 Bxh2+ 18. Kf2 Nd7 19. Ke1 Qxg5 20. Kd1 Qg6 21. Rc1
Bd6 22. Bf3 Rh2 23. Be2 Ke7 24. Be1 Nd8 25. Na4 b5 26. Bb4 Bxb4 27. Qxb4+ Ke8
28. Nc3 Qg5 29. Kd2 Qe7 30. Qxe7+ Kxe7 31. Rh1 Rxh1 32. Rxh1 Nc6 33. Rc1 Na5
34. b3 Nf6 35. Bd3 Rc7 36. Rb1 Nb7 37. a4 b4 38. Na2 a5 39. Rc1 Rxc1 40. Nxc1
Nd6 41. Ne2 Nh5 42. Ke1 f5 43. Kf2 Nf6 44. Nf4 Ng4+ 45. Ke2 Ne4 46. Ba6 Kd6 47.
Bc8 Ng5 48. Kd2 Nf2 49. Kc2 e5 50. Ne2 Ng4 51. dxe5+ Kxe5 52. Kd3 Ne4 53. Nd4
Nxe3 54. Nc6+ Kd6 55. Nxa5 f4 56. Kd4 Nc3 57. Ba6 Nf5+ 58. Kd3 Kc7 59. Kd2 Nd6
0-1

[Event "Elit(LASK-Rockaden,Sthlm)"]
[Site "?"]
[Date "2007.02.10"]
[Round "7"]
[White "Smith, Axel"]
[Black "Blomqvist, Erik"]
[Result "1/2-1/2"]
[WhiteElo "2343"]
[BlackElo "2379"]
[PlyCount "61"]
[EventDate "2007.??.??"]

1. e4 c5 2. Nf3 g6 3. d4 cxd4 4. Nxd4 Nc6 5. Nc3 Bg7 6. Be3 Nf6 7. Bc4 O-O 8.
Bb3 d6 9. f3 Bd7 10. Qd2 Nxd4 11. Bxd4 b5 12. a4 bxa4 13. Bxa4 Be6 14. O-O Qc7
15. Rfd1 Rfc8 16. Nd5 Nxd5 17. exd5 Bd7 18. Bxg7 Kxg7 19. Bxd7 Qxd7 20. Rdc1
Qb5 21. Qd4+ Kg8 22. c4 Qb4 23. h4 Rc7 24. h5 gxh5 25. Rc2 Rac8 26. Rxa7 Rxa7
27. Qxa7 Qe1+ 28. Kh2 Qh4+ 29. Kg1 Rxc4 30. Rxc4 Qxc4 31. Qb7 1/2-1/2

[Event "Elit(LASK-Rockaden,Sthlm)"]
[Site "?"]
[Date "2007.02.10"]
[Round "7"]
[White "Zadruzny, Nicolaj"]
[Black "Dragicevic, Drazen"]
[Result "1-0"]
[WhiteElo "2295"]
[BlackElo "2303"]
[PlyCount "101"]
[EventDate "2007.??.??"]
[SourceDate "2007.02.20"]

1. e4 c5 2. Nf3 Nc6 3. d4 cxd4 4. Nxd4 Nf6 5. Nc3 e5 6. Ndb5 d6 7. Bg5 a6 8.
Na3 b5 9. Bxf6 gxf6 10. Nd5 f5 11. c3 Bg7 12. exf5 Bxf5 13. Nc2 Be6 14. g3 Bxd5
15. Qxd5 Ne7 16. Qd2 d5 17. Bg2 e4 18. Ne3 Qd7 19. Rd1 Rd8 20. O-O f5 21. Kh1
O-O 22. f3 Qc7 23. fxe4 dxe4 24. Qf2 Rxd1 25. Rxd1 Qc5 26. Rf1 Kh8 27. Nc2 Qc4
28. a3 Nd5 29. Ne3 Qc5 30. Nxd5 Qxd5 31. Qe2 Rd8 32. Qh5 Rf8 33. g4 Qf7 34.
Qxf7 Rxf7 35. Bxe4 f4 36. Bf5 Be5 37. Rd1 Kg7 38. h3 h5 39. Kg2 hxg4 40. hxg4
Kf6 41. Kf3 Rf8 42. Rh1 Ke7 43. Rh7+ Kd6 44. Rh6+ Kc5 45. Rxa6 Rh8 46. Be6 Rh3+
47. Kg2 Rg3+ 48. Kf2 Bxc3 49. bxc3 Rxc3 50. Bd7 Rb3 51. Ra5 1-0

[Event "Elit(LASK-Rockaden,Sthlm)"]
[Site "?"]
[Date "2007.02.10"]
[Round "7"]
[White "Lund, Esben"]
[Black "Johansson, Robin"]
[Result "1-0"]
[WhiteElo "2353"]
[BlackElo "2304"]
[PlyCount "55"]
[EventDate "2007.??.??"]

1. d4 d5 2. c4 e5 3. dxe5 d4 4. Nf3 Nc6 5. Nbd2 Nge7 6. Nb3 Nf5 7. e4 dxe3 8.
Qxd8+ Kxd8 9. fxe3 Bb4+ 10. Kf2 Nh6 11. a3 Ng4+ 12. Kg3 Be7 13. e4 h5 14. h4
Ncxe5 15. Nxe5 Nxe5 16. Bf4 Bf6 17. Rd1+ Ke8 18. Rd5 Ng4 19. Bxc7 Be6 20. c5 a6
21. Na5 Rc8 22. Bd6 Bxb2 23. Nxb7 Nf6 24. Bd3 Bxa3 25. Ra1 Bb4 26. Rxa6 Bxd5
27. exd5 Nd7 28. Ra4 1-0

[Event "Elit(Rockaden,Umea-Sollentuna)"]
[Site "?"]
[Date "2007.02.11"]
[Round "7"]
[White "Agrest, Evgenij"]
[Black "Engman, Rickard"]
[Result "1/2-1/2"]
[WhiteElo "2671"]
[BlackElo "2298"]
[PlyCount "70"]
[EventDate "2007.??.??"]
[SourceDate "2007.02.20"]

1. Nf3 Nf6 2. c4 e6 3. Nc3 d5 4. d4 Be7 5. Bf4 dxc4 6. e3 a6 7. a4 c5 8. Bxc4
Nc6 9. O-O cxd4 10. exd4 Nb4 11. Qe2 O-O 12. Rad1 b6 13. Ne5 Nfd5 14. Bc1 Bb7
15. f4 g6 16. Ne4 Nf6 17. Ng5 Bd5 18. Bxd5 Qxd5 19. Qe3 Rac8 20. Qh3 Rc2 21.
Ng4 Rxg2+ 22. Qxg2 Qxg2+ 23. Kxg2 Nxg4 24. h3 Nh6 25. Nf3 Nf5 26. Rfe1 Rc8 27.
Re2 Nd5 28. Kf2 Bd6 29. Ne5 Nxd4 30. Rxd4 Rxc1 31. Kg3 Rg1+ 32. Kh2 Rf1 33. Kg3
Rg1+ 34. Kh2 Rf1 35. Kg3 Rg1+ 1/2-1/2

[Event "Elit(Rockaden,Umea-Sollentuna)"]
[Site "?"]
[Date "2007.02.11"]
[Round "7"]
[White "Malmstig, Erik"]
[Black "Ernst, Thomas"]
[Result "1-0"]
[WhiteElo "2315"]
[BlackElo "2524"]
[PlyCount "87"]
[EventDate "2007.??.??"]
[SourceDate "2007.02.20"]

1. d4 Nf6 2. Bg5 Ne4 3. Bf4 c5 4. f3 Qa5+ 5. c3 Nf6 6. Nd2 cxd4 7. Nb3 Qb6 8.
Qxd4 Nc6 9. Qxb6 axb6 10. Nd4 e5 11. Nxc6 exf4 12. Nd4 g6 13. Nh3 Bh6 14. a3
Nd5 15. Nb5 Ke7 16. e4 fxe3 17. Rd1 Nf6 18. g4 e2 19. Kxe2 Ra5 20. Kf2 Bg7 21.
g5 Nh5 22. Nd6 Be5 23. Nc4 Bc7 24. Nxa5 bxa5 25. Bb5 Ng7 26. Rhe1+ Ne6 27. Re4
b6 28. Rh4 Bd6 29. f4 Bb7 30. Bd3 Ng7 31. Ng1 Ne6 32. Ne2 Bc5+ 33. Kf1 Bd6 34.
Bb5 Bf3 35. Kf2 Bxe2 36. Kxe2 Nxf4+ 37. Kf3 Ne6 38. Kg4 Rc8 39. c4 Rh8 40. Rh3
h5+ 41. Kh4 f6 42. gxf6+ Kxf6 43. Rxd6 g5+ 44. Kg3 1-0

[Event "Elit(Rockaden,Umea-Sollentuna)"]
[Site "?"]
[Date "2007.02.11"]
[Round "7"]
[White "Berg, Emanuel"]
[Black "Lindgren, Fredrik"]
[Result "1-0"]
[WhiteElo "2649"]
[BlackElo "2278"]
[PlyCount "127"]
[EventDate "2007.??.??"]

1. e4 c5 2. Nf3 e6 3. d4 cxd4 4. Nxd4 Nf6 5. Nc3 Nc6 6. Ndb5 Bc5 7. Bf4 O-O 8.
Bc7 Qe7 9. Bd6 Bxd6 10. Qxd6 a6 11. Qxe7 Nxe7 12. Nd6 b5 13. Be2 Ra7 14. O-O-O
Rc7 15. f4 Ne8 16. e5 Ng6 17. Nxc8 Rxc8 18. g3 f6 19. Rxd7 fxe5 20. fxe5 Nxe5
21. Rd2 Nc4 22. Bxc4 Rxc4 23. Re1 Nc7 24. Ne4 Rc6 25. Rd7 h6 26. Kd2 Rf5 27.
Rd8+ Rf8 28. Rd7 Rf5 29. Rd8+ Rf8 30. Rxf8+ Kxf8 31. Nf2 Ke7 32. Nd3 Nd5 33.
Re4 Nf6 34. Rf4 Rd6 35. Ke2 e5 36. Rf5 Nd7 37. Rf3 Ke6 38. Re3 Kf5 39. Nf2 Nf6
40. Rc3 h5 41. Rc7 g5 42. Rf7 Rc6 43. Kd2 e4 44. c3 Re6 45. Ke3 Ke5 46. Rg7 Kf5
47. Rf7 Kg6 48. Rf8 Re5 49. Ra8 Re6 50. Rd8 Kf5 51. Rd4 Re5 52. Rd6 Ng4+ 53.
Nxg4 Kxg4 54. Rd2 h4 55. gxh4 gxh4 56. Rf2 Kh3 57. b3 Rc5 58. Rc2 Rg5 59. c4
bxc4 60. bxc4 Rc5 61. Kxe4 Kg4 62. Kd4 Rc8 63. Ke5 h3 64. c5 1-0

[Event "Elit(Rockaden,Umea-Sollentuna)"]
[Site "?"]
[Date "2007.02.11"]
[Round "7"]
[White "Forsberg, Viktor"]
[Black "Lindberg, Bo"]
[Result "1/2-1/2"]
[WhiteElo "2257"]
[BlackElo "2514"]
[PlyCount "88"]
[EventDate "2007.??.??"]

1. e4 e6 2. d4 d5 3. Nc3 Nf6 4. Bg5 Bb4 5. e5 h6 6. Bd2 Bxc3 7. bxc3 Ne4 8. Qg4
g6 9. Bd3 Nxd2 10. Kxd2 c5 11. Nf3 Nc6 12. Rhb1 Qe7 13. a4 c4 14. Be2 b6 15. h4
Bd7 16. Qg3 O-O-O 17. Nh2 h5 18. Qg5 Rdf8 19. Qxe7 Nxe7 20. a5 b5 21. g3 Kc7
22. f4 Rb8 23. Nf3 Nf5 24. Rg1 b4 25. Ng5 Be8 26. Bf1 b3 27. cxb3 Rxb3 28. Bh3
Bd7 29. Bxf5 gxf5 30. Rgb1 Rhb8 31. Kc2 Be8 32. Rxb3 cxb3+ 33. Kb2 Bb5 34. Ra3
Bc4 35. Nxf7 Kc6 36. Ra4 Rg8 37. Ng5 Kb5 38. Ra1 Rg7 39. Ra3 Rg6 40. Ra1 Rg7
41. Rg1 Re7 42. Ra1 Rg7 43. Ra3 Re7 44. Ra1 Rg7 1/2-1/2

[Event "Elit(Rockaden,Umea-Sollentuna)"]
[Site "?"]
[Date "2007.02.11"]
[Round "7"]
[White "Ong, Kezli"]
[Black "Mardell, Jimmy"]
[Result "0-1"]
[WhiteElo "2248"]
[BlackElo "2381"]
[PlyCount "80"]
[EventDate "2007.??.??"]
[SourceDate "2007.02.21"]

1. e4 c5 2. Nf3 d6 3. d4 cxd4 4. Nxd4 Nf6 5. Nc3 g6 6. Be3 Bg7 7. f3 O-O 8. Qd2
Nc6 9. O-O-O d5 10. exd5 Nxd5 11. Nxc6 bxc6 12. Bd4 Nxc3 13. Qxc3 Bh6+ 14. Be3
Bxe3+ 15. Qxe3 Qb6 16. Qxe7 Be6 17. Qa3 Rad8 18. Bd3 Rd5 19. b3 Qf2 20. Be4 Bf5
21. Rxd5 cxd5 22. Bxf5 Qxg2 23. Rd1 Qg5+ 24. Kb1 Qxf5 25. Rd3 Qf4 26. Qxa7 Qxh2
27. Qd7 h5 28. Qxd5 h4 29. Kb2 h3 30. Qe4 Rc8 31. Rd1 Qg2 32. Ka3 h2 33. Qh4
Qxf3 34. Rd8+ Rxd8 35. Qxd8+ Kh7 36. Qh4+ Qh5 37. Qf6 Qc5+ 38. Kb2 h1=Q 39.
Qxf7+ Kh6 40. Qf4+ Kh5 0-1

[Event "Elit(Rockaden,Umea-Sollentuna)"]
[Site "?"]
[Date "2007.02.11"]
[Round "7"]
[White "Hammar, Ulf"]
[Black "Couso, Luis"]
[Result "0-1"]
[WhiteElo "2146"]
[BlackElo "2343"]
[PlyCount "36"]
[EventDate "2007.??.??"]

1. d4 Nf6 2. Bg5 d5 3. Bxf6 exf6 4. e3 Be6 5. Nd2 c6 6. Bd3 Bd6 7. Qf3 Qd7 8.
h3 c5 9. dxc5 Bxc5 10. Nb3 Bb6 11. Ne2 Nc6 12. Ned4 O-O 13. O-O Rac8 14. Qh5 g6
15. Qh6 f5 16. f4 f6 17. h4 Nd8 18. Nxe6 Nxe6 0-1

[Event "Elit(Rockaden,Umea-Sollentuna)"]
[Site "?"]
[Date "2007.02.11"]
[Round "7"]
[White "Agrest, Inna"]
[Black "Larsson, Johan"]
[Result "1-0"]
[WhiteElo "2354"]
[BlackElo "2136"]
[PlyCount "95"]
[EventDate "2007.??.??"]
[SourceDate "2007.02.21"]

1. e4 c6 2. d4 d5 3. Nc3 dxe4 4. Nxe4 Bf5 5. Ng3 Bg6 6. Nf3 Nf6 7. Bd3 Bxd3 8.
Qxd3 e6 9. O-O Qc7 10. Re1 Nbd7 11. Bd2 Bd6 12. c4 O-O 13. Bc3 Rad8 14. Qc2 b5
15. b3 a6 16. Ne5 Be7 17. Qe2 b4 18. Bb2 Rfe8 19. Qf3 Nxe5 20. dxe5 Nd7 21. Qg4
Nf8 22. h4 Bc5 23. Ne4 Qa7 24. Re2 Kh8 25. h5 h6 26. Nf6 Re7 27. Rf1 Rc7 28.
Bc1 Nh7 29. Ne4 Rcd7 30. Ree1 a5 31. Kh1 Rd3 32. f4 Be3 33. Bxe3 Rxe3 34. Nd6
Rxe1 35. Rxe1 f5 36. Qg6 Qf2 37. Rd1 Nf8 38. Qf7 Qh4+ 39. Kg1 Qxf4 40. Qe7 Qe3+
41. Kh1 Qe2 42. Nf7+ Kg8 43. Rxd8 Qf1+ 44. Kh2 Qf4+ 45. Kg1 Qc1+ 46. Kf2 Qc2+
47. Kg3 f4+ 48. Kh2 1-0